书目信息 |
| 题名: |
Super·分级分类英汉对照读物·四级
|
|
| 作者: | 司树森 , 刘典忠 主编 | |
| 分册: | 科普篇 | |
| 出版信息: | 北京 中国人民大学出版社 2005.07 |
|
| 页数: | 608页 | |
| 开本: | 21cm | |
| 丛书名: | ||
| 单 册: | ||
| 中图分类: | H319.4 | |
| 科图分类: | ||
| 主题词: | 英语--ying yu--汉语--对照读物 , 科学技术--ke xue ji shu--普及读物 | |
| 电子资源: | ||
| ISBN: | 7-300-06254-7 | |
| 000 | 00972nam0 2200253 450 | |
| 001 | 012006373844 | |
| 005 | 20060925163429.01 | |
| 010 | @a7-300-06254-7@dCNY23.00 | |
| 100 | @a20060821d2005 km y0chiy0120 ea | |
| 101 | 0 | @achi@aeng |
| 102 | @aCN@b110000 | |
| 105 | @ay z 000yy | |
| 200 | 1 | @aSuper·分级分类英汉对照读物·四级@ASuper·fen ji fen lei ying han dui zhao du wu·si ji@i科普篇@f司树森, 刘典忠主编@Fsi shu sen,liu dian zhong zhu bian |
| 210 | @a北京@c中国人民大学出版社@d2005.07 | |
| 215 | @a608页@d21cm | |
| 330 | @a本书收有100篇短文,内容涉及自然科学的各个领域,每篇300至600个单词;每篇短文后均有词汇用法、语法结构或难句的分析,并配有阅读理解练习及练习答案等。 | |
| 517 | 1 | @a科普篇@Ake pu pian |
| 606 | 0 | @a英语@Aying yu@x汉语@j对照读物 |
| 606 | 0 | @a科学技术@Ake xue ji shu@j普及读物 |
| 690 | @aH319.4@v4 | |
| 701 | 0 | @a司树森@Asi shu sen@4主编 |
| 701 | 0 | @a刘典忠@Aliu dian zhong@4主编 |
| 801 | 0 | @aCN@c20060925 |
| 905 | @a10447@dH319.4@eS703 | |
| Super·分级分类英汉对照读物·四级.科普篇/司树森, 刘典忠主编.-北京:中国人民大学出版社,2005.07 |
| 608页;21cm |
| ISBN 7-300-06254-7:CNY23.00 |
| 本书收有100篇短文,内容涉及自然科学的各个领域,每篇300至600个单词;每篇短文后均有词汇用法、语法结构或难句的分析,并配有阅读理解练习及练习答案等。 |
| ● |
| 相关链接 |
|
|
|
正题名:Super·分级分类英汉对照读物·四级
索取号:H319.4/S703
 
预约/预借
| 序号 | 登录号 | 条形码 | 馆藏地/架位号 | 状态 | 备注 |
| 1 | 220054 | 202200545 | 语言库209/209语言库 48排5列1层/ [索取号:H319.4/S703] | 在馆 | |
| 2 | 220055 | 202200554 | 语言库209/209语言库 48排5列1层/ [索取号:H319.4/S703] | 在馆 | |
| 3 | 220056 | 202200563 | 语言库209/209语言库 48排5列1层/ [索取号:H319.4/S703] | 在馆 |